00421nam a22001457a 450000500170000000800410001702000150005804100120007308200120008510000120009724500490010926000600015830000320021865000250025020240816062858.0240816b |||||||| |||| 00| 0 eng d a0406036624 aEnglish a349 SOU lEnglish aThe England Law Reports: Annual Review 1993  aLondon: bButterworths and Publishers (Pty) Ltd, c1994 bxxxiv, 483 pages; c25 cm.  aLegal practice bLaw